Countries Colonized by Spain by Continent - Statistics

General Stats
  • This quiz has been taken 343 times
    323 since last reset
  • The average score is 28 of 36
Answer Stats
Hint Answer % Correct
North America Mexico
95%
South America Argentina
94%
South America Colombia
94%
South America Peru
93%
North America United States
93%
South America Chile
91%
North America Panama
91%
South America Uruguay
91%
South America Ecuador
90%
South America Paraguay
90%
South America Venezuela
90%
South America Bolivia
88%
North America Cuba
88%
North America Guatemala
88%
North America Costa Rica
87%
North America Nicaragua
87%
North America Dominican Republic
86%
North America El Salvador
86%
North America Honduras
86%
Africa Morocco
84%
North America Belize
82%
Asia Philippines
82%
Europe France
79%
Europe Italy
77%
North America Canada
76%
Africa Equatorial Guinea
72%
North America Jamaica
68%
North America Trinidad and Tobago
66%
Europe Netherlands
65%
Africa Algeria
64%
Europe Belgium
64%
Oceania Palau
56%
Africa Tunisia
55%
Oceania Micronesia
54%
Oceania Marshall Islands
48%
Europe Luxembourg
47%
No matching quizzes found
Score Distribution
Percent of People with Each Score
Percentile by Number Answered
Your Score History
You have not taken this quiz since the last reset